Vieilles photos de personnalités (3) - Statistiques

Statistiques générales
  • Ce quiz a été pris 144 fois
  • Le résultat moyen est 10 sur 20
Statistiques - réponses
Par images Réponse % Correct
Gilbert {Montagné}
90%
Enrico {Macias}
86%
Maxime {Le Forestier}
76%
Pierre {Richard}
76%
Gérard {Lenorman}
73%
Henri {Salvador}
72%
{Bourvil}
66%
Pierre {Desproges}
61%
Boby {Lapointe}
60%
Maurice {Chevalier}
53%
Hubert-Félix {Thiéfaine}
52%
{Mathieu} {Pokora}
52%
Jean-Jacques {Debout}
48%
Jean-Loup {Dabadie}
48%
Jean-Michel {Jarre}
48%
Caroline {Loeb}
34%
Guy {Béart}
33%
Jean-Pierre {Mocky}
18%
Gérard {Berliner}
0%
Pierre {Delanoë}
0%
Aucun quiz correspondant
Distribution des résultats
% des personnes avec chaque résultat
Percentile par nombre de réponses
Votre historique - résultats
Vous n’avez pas pris ce quiz